| 000 | 00461nam a22001697a 4500 | ||
|---|---|---|---|
| 003 | OSt | ||
| 005 | 20211111152639.0 | ||
| 008 | 211111b |||||||| |||| 00| 0 eng d | ||
| 020 | _a0-87619-857-4 | ||
| 040 | _cHawassa University | ||
| 050 |
_a641.1077/WIC _b1 |
||
| 082 |
_a641.1077/WIC _b1 |
||
| 100 |
_aWickham,Sandy J. _917911 |
||
| 245 | _aHuman Nutrition: A Self-Instructional Text | ||
| 260 |
_aLondon _bRobert J.Brady Co. _c1982 |
||
| 942 |
_2ddc _cBOOKS _n0 |
||
| 999 |
_c17749 _d17749 |
||